Giáo trình toán cho vật lý Giáo trình dùng cho sinh viên sư phạm vật lý (lưu hành nội bộ)
Một số kiến thức về vectơ; Giải tích vectơ; Phương trình vật lí-toán; Các phép biến đổi tích phân; Các phương pháp tính số và mô hình hóa số liệu.
Na minha lista:
| Autor principal: | |
|---|---|
| Outros Autores: | |
| Formato: | Livro |
| Idioma: | Vietnamese |
| Publicado em: |
Hà Nội
Nxb. Hà Nội
2013
|
| coleção: | Sách dự án phát triển giáo viên THPT & TCCN
|
| Assuntos: | |
| Tags: |
Adicionar Tag
Sem tags, seja o primeiro a adicionar uma tag!
|
| Thư viện lưu trữ: | Mạng thư viện Đại học Đà Nẵng |
|---|
| LEADER | 01794nam a2200397 4500 | ||
|---|---|---|---|
| 001 | 000018996 | ||
| 003 | 15431 | ||
| 005 | 20140226080227.0 | ||
| 008 | 140226s2013 viesd | ||
| 041 | 0 | |a vie | |
| 082 | 1 | 4 | |a 530.15 |b ĐI-K |
| 100 | 1 | |a Đinh Xuân Khoa | |
| 245 | 1 | 0 | |a Giáo trình toán cho vật lý |b Giáo trình dùng cho sinh viên sư phạm vật lý (lưu hành nội bộ) |c Đinh Xuân Khoa, Nguyễn Huy Bằng |
| 246 | |a Giáo trình toán cho vật lí | ||
| 260 | |a Hà Nội |b Nxb. Hà Nội |c 2013 | ||
| 300 | |a 204 tr. |c 27 cm. | ||
| 490 | |a Sách dự án phát triển giáo viên THPT & TCCN | ||
| 500 | |a Sách dự án phát triển giáo viên THPT & TCCN - Trường đại học Vinh | ||
| 500 | |a Bộ Giáo dục và đào tạo, Ngân hàng phát triển châu Á | ||
| 520 | 3 | |a Một số kiến thức về vectơ; Giải tích vectơ; Phương trình vật lí-toán; Các phép biến đổi tích phân; Các phương pháp tính số và mô hình hóa số liệu. | |
| 650 | 0 | 4 | |a Toán vật lý |v Giáo trình |x Giáo dục đại học |x Dạy và học |
| 650 | 0 | 4 | |a Toán học |v Giáo trình |x Dạy và học |x Giáo dục đại học |x Vật lý |
| 653 | |a Toán vật lí | ||
| 653 | |a Vật lý | ||
| 653 | |a Giáo dục đại học | ||
| 700 | 1 | |a Nguyễn Huy Bằng | |
| OWN | |a LSP | ||
| AVA | |a UDN50 |b LSP |d 530.15 ĐI-K |e available |t Error 5001 Not defined in file expand_doc_bib_avail. |f 6 |g 0 |h N |i 30 |k 1 | ||
| 999 | |a From the UDN01 | ||
| AVA | |a UDN50 |b LSP |d 530.15 ĐI-K |e available |t Error 5001 Not defined in file expand_doc_bib_avail. |f 6 |g 0 |h N |i 30 |k 1 | ||
| TYP | |a Monograph | ||
| TYP | |a Printed language | ||
| 980 | |a Mạng thư viện Đại học Đà Nẵng | ||